00662 2200229 4500001002100000005001500021035002000036007000300056008004100059020002200100082001000122084001600132100002100148245010300169260003800272300003600310650001300346700002000359504003100379990001100410990001100421INLIS00000000000292920190119111111 a0010-0119000281ta190119 g 0 ind  a978-602-6634-09-2 a616.8 a616.8 MUH m0 aMUHAMMAD, Ridwan1 aMengenal, Mencegah, dan Mengatasi Silent Killer, Stroke /cMuhammad Ridwan; editor, Nurul Hidayati aYogyakarta :bRomawi Press,c2017 avi, 158 hlm. :bilus. ;c20 cm. aPENYAKIT0 aNURUL, Hidayati aBibliografi : hlm. 155-158 a6410 a a6410 b